Declaraciones de rentas: año tributario 2006
Сохранить в:
| Главные авторы: | , |
|---|---|
| Формат: | |
| Язык: | испанский |
| Опубликовано: |
Santiago
Cepet
2006
|
| Редактирование: | 1a. ed |
| Предметы: | |
| Метки: |
Добавить метку
Нет меток, Требуется 1-ая метка записи!
|
MARC
| LEADER | 00000nam a2200000 a 4500 | ||
|---|---|---|---|
| 001 | UCK9677 | ||
| 003 | CL-VaPUC | ||
| 008 | 060519e20060000CL |||||||||||||||||spa|d | ||
| 020 | |a 956758334X | ||
| 082 | 0 | 4 | |a 343.04 |b CON |2 21 |
| 100 | 0 | |a Contreras Urzúa, Hugo |e author |9 499491 | |
| 700 | 0 | |a González Silva, Leonel |e author |9 499492 | |
| 245 | 1 | 0 | |a Declaraciones de rentas: año tributario 2006 |
| 250 | |a 1a. ed | ||
| 300 | |a 622 p | ||
| 942 | |c BK | ||
| 945 | |d 20060519 00:00:00 |a cmena | ||
| 260 | |a Santiago |b Cepet |c 2006 | ||
| 650 | 7 | |a LEY DE IMPUESTO A LA RENTA |2 CL-VaPUC |9 499493 | |
| 650 | 0 | |a Impuesto a la renta |9 258171 | |
| 650 | 0 | |a Tributación |9 258429 | |
| 650 | 0 | |a Derecho tributario |9 258895 | |
| 583 | |a last modification |c 20060519 00:00:00 |k Rodrigo Vera | ||
| 999 | |c 316752 |d 316750 | ||
| 952 | |0 0 |1 0 |4 0 |6 343_040000000000000_CON_2006 |7 0 |8 A |9 391725 |a BIBGIM |b BIBGIM |d 2019-11-22 |i 4226488 |o 343.04 CON 2006 |p 4226488 |r 2025-01-15 |w 2019-11-22 |y BK |k COM | ||
| 952 | |0 0 |1 0 |4 0 |6 343_040000000000000_CON_2006 |7 0 |8 A |9 391726 |a BIBGIM |b BIBGIM |d 2019-11-22 |i 4226496 |o 343.04 CON 2006 |p 4226496 |r 2025-01-15 |w 2019-11-22 |y BK |k COM | ||
| 952 | |0 0 |1 0 |4 0 |6 343_040000000000000_CON_2006 |7 0 |8 A |9 391727 |a BIBGIM |b BIBGIM |d 2019-11-22 |i 422650K |o 343.04 CON 2006 |p 422650K |r 2025-01-15 |w 2019-11-22 |y BK |k COM | ||